Νεοελληνική πόλη : οθωμανικές κληρονομιές και ελληνικό κράτος : πρακτικά του Διεθνούς Συμποσίου Ιστορίας = La ville neohellenique : heritages ottomans et etat grec : actes du Colloque International d'Histoire
Αποθηκεύτηκε σε:
| Συλλογικό Έργο: | , |
|---|---|
| Μορφή: | Πρακτικό Συνεδρίου Βιβλίο |
| Γλώσσα: | Greek |
| Δημοσίευση: |
Αθήνα : Athenes :
Εταιρεία Μελέτης Νέου Ελληνισμού, Association des Etudes Neohelleniques,
1985.
|
| Θέματα: | |
| Ετικέτες: |
Προσθήκη ετικέτας
Δεν υπάρχουν, Καταχωρήστε ετικέτα πρώτοι!
|
MARC
| LEADER | 00000cam a2200000 i 4500 | ||
|---|---|---|---|
| 001 | 1/23736 | ||
| 008 | 011114s1985####gr | | ||| |||| ||gre|| | ||
| 035 | |l 10067719 | ||
| 040 | |a GR-MY-UA |b gre |e aacr | ||
| 041 | 0 | |a gre | |
| 082 | 0 | |a 307.7609495 |2 (21) | |
| 111 | 2 | |a Διεθνές Συμπόσιον Ιστορίας |d (1984 : |c Αθήνα) | |
| 245 | 1 | 0 | |a Νεοελληνική πόλη : |b οθωμανικές κληρονομιές και ελληνικό κράτος : πρακτικά του Διεθνούς Συμποσίου Ιστορίας = La ville neohellenique : heritages ottomans et etat grec : actes du Colloque International d'Histoire / |c Εταιρεία Μελέτης Νέου Ελληνισμού = Association des Etudes Neohelleniques. |
| 246 | 1 | |i Παράλληλος τίτλος: |a la ville neohellenique : |b heritages ottomans et etat grec : actes du Colloque International d'Histoire | |
| 260 | |a Αθήνα : |a Athenes : |b Εταιρεία Μελέτης Νέου Ελληνισμού, |b Association des Etudes Neohelleniques, |c 1985. | ||
| 300 | |a 2 τ.; |c 25 εκ. | ||
| 500 | |a Πρακτικά συνεδρίου που έγινε στην Αθήνα και την Ερμούπολη κατά τις 26-28 και τις 29-30 Σεπτεμβρίου 1984 αντίστοιχα. | ||
| 650 | 0 | 0 | |a Sociology, Urban |z Greece. |
| 650 | 0 | 0 | |a Community development, Urban |z Greece. |
| 650 | 0 | 0 | |a City planning |z Greece. |
| 650 | 0 | 0 | |a City planning |x History. |
| 710 | 2 | |a Εταιρεία Μελέτης Νέου Ελληνισμού. | |
| 852 | |a INST |b LESVOS |e 20020403 |h 307.7609495 ΔΙΕ |p 005100025323 |q 005100025323 |t BK |y 0 |z τ.2 | ||
| 852 | |a INST |b LESVOS |e 20020403 |h 307.7609495 ΔΙΕ |p 005100025324 |q 005100025324 |t BK |y 0 |z τ.1 | ||
| 852 | |a INST |b LESVOS |e 20050630 |h 307.7609495 ΔΙΕ |p 005100032249 |q 005100032249 |t BK |y 0 |z τ.1 | ||
| 852 | |a INST |b LESVOS |e 20050630 |h 307.7609495 ΔΙΕ |p 005100032250 |q 005100032250 |t BK |y 0 |z τ.2 | ||
| 852 | |a INST |b LESVOS |e 20020403 |h 307.7609495 ΔΙΕ |p 005100025323 |q 005100025323 |t BK |v τ.2: |y 0 |z τ.2 | ||
| 852 | |a INST |b LESVOS |e 20020403 |h 307.7609495 ΔΙΕ |p 005100025324 |q 005100025324 |t BK |v τ.1: |y 0 |z τ.1 | ||
| 852 | |a INST |b LESVOS |e 20050630 |h 307.7609495 ΔΙΕ |p 005100032249 |q 005100032249 |t BK |v τ.1: |y 0 |z τ.1 | ||
| 852 | |a INST |b LESVOS |e 20050630 |h 307.7609495 ΔΙΕ |p 005100032250 |q 005100032250 |t BK |v τ.2: |y 0 |z τ.2 | ||
| 852 | |a INST |b SYROS |e 20011120 |h 307.7609495 ΔΙΕ |p 005500000691 |q 005500000691 |t BK |y 0 |z τ.2 | ||
| 852 | |a INST |b SYROS |e 20011114 |h 307.7609495 ΔΙΕ |p 005500000692 |q 005500000692 |t BK |y 0 |z τ.1 | ||
| 852 | |a INST |b SYROS |e 20011120 |h 307.7609495 ΔΙΕ |p 005500000691 |q 005500000691 |t BK |v τ.2: |y 0 |z τ.2 | ||
| 852 | |a INST |b SYROS |e 20011114 |h 307.7609495 ΔΙΕ |p 005500000692 |q 005500000692 |t BK |v τ.1: |y 0 |z τ.1 | ||
| 853 | |a INST |b LESVOS |h 307.7609495 ΔΙΕ | ||
| 853 | |a INST |b SYROS |h 307.7609495 ΔΙΕ | ||
| 901 | |a BIBL5-2001-3 | ||
| 901 | |a BIBL1-2002-1 | ||
| 901 | |a BIBL1-2005-2 | ||
| 909 | |a Ε |b 088787 | ||
| 909 | |a Ε |b 088817 | ||
| 909 | |a Λ |b 100967 | ||
| 909 | |a Λ |b 100968 | ||
| 909 | |a Λ |b 115009 | ||
| 909 | |a Λ |b 115010 | ||
| 920 | |a Διεύρυνση |b ΕΠΕΑΕΚ-ΤΚ |y Λέσβος |z 2004-10 | ||
| 922 | |a 5ΕΛΗ |b 200111 |c ΒΙΒΛΙΟΘΗΚΗ ΣΥΡΟΥ |d ΣΤΑΘΟΠΟΥΛΟΣ | ||
| 950 | |a 188-2001-11-06 | ||
| 970 | |a ΚΡΗΤΙΚΟΥ |b ΘΩΜΑΙΣ |z 2001/11/20 | ||